000 00761nab a2200217 i 4500
001 768714001
003 CO-MdFUSB
005 20240813075617.0
008 240812t1922 cr ||||| |||| 00| 0 eng d
040 _bspa
_cCO-MdFUSB
_dCO-MdFUSB
041 _aeng
245 _aCoban, where it always rains
520 _aNarra la experiencia de unos misioneros en Cobán, y de sus percepciones de la misión en ese lugar.
546 _aTexto en inglés.
650 0 _aMisiones
_9154
650 7 _aMisioneros
_9931
650 0 _aEvangelización
_9362
773 0 _070761
_982937
_oR2741
_tLatin America Mission
_w(CO-MdFUSB)768714001
_gVolumen 1, (número 3, 1922), páginas: 13 - 14
_qpágina: 13
942 _cANA
945 _aCatherine Arias Álvarez - Practicante SENA
999 _c70771
_d70771